00482 2200181 4500001002100000005001500021008004100036020002200077035001900099041000700118082001000125090001600135100002000151245005600171260003700227300002200264650001400286INLIS00000000001648620241224115132241224||||||||| | ||| |||| || |  a978-979-015-248-9 0010-1224016486 aid0 a523.7 a523.7 SHE c0 aJOSEPHA SHERMAN00aCAHAYA MATAHARI;sebuah Buku tentang Cahaya Matahari aJakartabErlangga For Kidsc2007 a23hlm;24,5x24,5cm 0aASTRONOMI